[Event "Bundesliga 0203"]
[Site "Germany"]
[Date "2003.01.12"]
[Round "9.2"]
[White "McShane, Luke J"]
[Black "Jansa, Vlastimil"]
[Result "1-0"]
[WhiteElo "2546"]
[BlackElo "2500"]
[Annotator "Mikhalevski,V"]
[PlyCount "71"]
[EventDate "2002.10.19"]
[EventType "team-tourn"]
[EventRounds "15"]
[EventCountry "GER"]
[SourceTitle "CBM 093"]
[Source "ChessBase"]
[SourceDate "2003.04.01"]
[SourceVersion "1"]
[SourceVersionDate "2003.04.01"]
[SourceQuality "1"]
[WhiteTeam "Werder Bremen"]
[BlackTeam "Forchheim"]
[WhiteTeamCountry "GER"]
[BlackTeamCountry "GER"]

1. d4 {McShane} Nf6 2. Bg5 Ne4 3. Bf4 d5 4. e3 Bf5 5. f3 Nf6 {The main move in
the position.} ({Black can try to prevent c4 with} 5... Nd6 {[%csl Gc4] which
is a rare move and I think rightly so, because the knight doesn't look great
on d6. See Leko-Krasenkow,1998 [Lucacs] CBM 67.}) 6. c4 e6 ({More flexible
seems to be} 6... c6 {but anyway Black can't meet Qb3 with Qb6. For example} 7.
Nc3 e6 8. Qb3 {and Winants correctly explains why Qb6 is dubious:} Qb6 (8...
Qc8 {Winants} 9. Rc1 Nbd7 10. g4 Bg6 11. h4 h6 12. Nh3 {Hodgson-Sukharisingh,
Bundesliga 1996}) (8... Qd7 {Winants} 9. g4 Bg6 10. c5 (10. h4 {Winants}) 10...
Be7 (10... Qc8 {Winants}) 11. h4 h6 12. Nb5 cxb5 13. Bxb8 a6 14. Bg3 O-O 15.
Nh3 Qc6 16. Nf4 Bh7 17. Bd3 Bxd3 18. Nxd3 {Miles-Kovacevic, Benasque 1997}) (
8... b6 $5) 9. c5 $1 Qxb3 10. axb3 {[%cal Gb3b4,Gb4b5] and Black has no time
to stop b4-b5}) (6... c5 {McShane} 7. cxd5 Nxd5 8. Bxb8 Rxb8 9. e4 Ne3 10. exf5
$3 {Fritz, of course} (10. Qb3 {McShane} Qa5+ 11. Kf2 Nxf1 12. exf5 Nd2 13.
Nxd2 Qxd2+ 14. Ne2 $36) 10... Qa5+ (10... Nxd1 {McShane} 11. Bb5+ Qd7 12. Bxd7+
Kxd7 13. Kxd1 $18) 11. Qd2 Nc2+ 12. Kf2 Qxd2+ 13. Nxd2 Nxa1 14. Bb5+ Kd8 15.
Bd3 $16 {[%csl Ra1][%cal Yg1e2]}) (6... Bxb1 {McShane} 7. Rxb1 e5 $2 8. Bxe5
Bb4+ 9. Kf2 $16) 7. Qb3 {[%csl Rb7] Forces weakening of the queen side. It's
interesting that this move was made only once before.} (7. Nc3 Bb4 (7... c6 8.
Qb3 b6) 8. a3 Bxc3+ 9. bxc3 c5 10. g4 Bg6 11. h4 h5 12. g5 Nfd7 13. cxd5 exd5
14. Bh3 O-O 15. Ne2 Nc6 16. O-O {occuried in 1-0 Kasparov,G-Sokolov,I/Wijk aan
Zee 1999(blitz)/CBM 68 ext (62)}) 7... b6 8. Nc3 c6 {Usually this position
arises by other moves order. See 7.Nc3} 9. g4 $1 {White takes some space also
on the king side.} Bg6 10. h4 $14 {White is better thanks to a space advantage.
} h5 {Jansa is ready to repeat his game against Kinsman in which he held White
for a draw.} (10... h6 {with the idea to prevent g5 occuried twice:} 11. Nh3 {
Vers f4.} Be7 ({Au lieu de} 11... Bd6 12. O-O-O {Hodgson-Pribyl, Bundesliga
1996}) 12. O-O-O {1-0 Winants,L-Wiedenkeller,M/Neum 2000/CBM 80/[Winants] (39)}
) 11. g5 Ng8 (11... Nfd7 {McShane} 12. cxd5 exd5 13. Nxd5 $1 cxd5 14. Qxd5 Bb4+
15. Kf2 Nc6 16. Bb5 $1 $18 (16. Qxc6 {McShane} Rc8 17. Qa4 $16)) 12. cxd5 {
'N' McShane. Young Englishman has prepared a surprise. He puts more pressure
on the centre right away.} ({In the only preceding game White has castled long
side immediatly.} 12. O-O-O Bd6 13. Nh3 Ne7 14. e4 $14 {and White seizes play
initiative. 1/2-1/2 Kinsman,A-Jansa,V/Wrexham 1998/CBM 67 ext (50)} ({Also
interesting} 14. Bxd6 $5 Qxd6 15. Nf4)) (12. e4 $5 {McShane} Bd6 13. Nh3 Ne7 (
13... dxe4 {McShane} 14. fxe4 Bxf4 15. Nxf4 Qxd4 {looks like it is asking for
trouble, but with the addition of pawns on c4 and e6 it's not obviously bad.})
14. O-O-O O-O 15. Bd3 $5 $36) 12... exd5 13. e4 $1 {[%csl Rd5,Re8] An
interesting pawn sacrifice justified by White's development advantage.} (13.
Nb5 {McShane} cxb5 14. Bxb8 (14. Bxb5+ {McShane} Nd7 15. Rc1 a6 $17) 14... Rxb8
15. Bxb5+ Ke7 $17 {[%cal Yd8d6]}) 13... Bd6 ({It's very dangerous to accept
the sacrifice:} 13... dxe4 14. fxe4 Qxd4 15. Rd1 Qc5 ({Surprisingly} 15... Qb4
$2 {is strongly met by} 16. Bc7 $3 {[%cal Gd1d8] with intermediate Rd8+ on the
next move.}) 16. Nf3 $40 {[%cal Gf3e5,Gf1h3,Gf4c7] with a very dangerous
initiative.}) 14. Nh3 $5 {[%cal Gf1d3]} (14. e5 {[%csl Rf5] would give some
control over the light squares.} Bc7 15. O-O-O Ne7 {[%csl Rf5]}) ({It was also
possible to defend the bishop from e2 in order to develop the light-squared
bishop to h3.} 14. Nge2 {[%cal Gf1h3]}) 14... Ne7 $1 {First of all Black need
to complete development.} ({Again dangerous to accept the sacrifice:} 14...
dxe4 15. fxe4 $1 (15. Nxe4) 15... Bxf4 16. Nxf4 Qxd4 17. Nxg6 fxg6 18. Rh3 $1 {
[%csl Re8][%cal Gh3f3,Gb3f7] White simply brings his rook to f3 and it's not
easy for Black to find a satisfactory defense.} ({Also very tempting is} 18.
Qe6+ Ne7 19. Nd5 {but Black has a very nice defense:} cxd5 20. Bb5+ Nd7 $3 {
Only, but sufficient defense.} (20... Kd8 $2 21. Qd6+ Kc8 22. Rc1+) (20... Kf8
$2 21. Rf1+) 21. Qxd7+ Kf7 22. Rf1+ Kg8 23. Qxe7 Qxb2 {[%csl Ra1,Rb5] and
Black seems to be OK.})) 15. O-O-O O-O 16. Bd3 a5 {'!?' McShane.} ({After} 
16... dxe4 $6 17. Bxe4 Qc7 18. Bxd6 Qxd6 {White breaks theorugh in the centre}
19. d5 $14) (16... b5 {McShane} 17. exd5 $16 {[%csl Rb5]}) 17. Rhe1 {'?'
McShane.} ({It was better to win a pawn with} 17. Bxd6 $1 Qxd6 18. Qxb6 {
but, maybe, McShane was afraid of counterplay along the b-file, which in fact
is not dangerous.} Nd7 (18... Qb4 19. Qc7 $1) 19. Qb3 (19. e5 {McShane} Qb4 $1)
19... dxe4 (19... Rfb8 {McShane} 20. Qc2 $44) 20. Bxe4 Rab8 21. Qc2 $14) (17.
exd5 {McShane} Bxd3 18. Rxd3 cxd5 (18... a4 $5 {McShane}) 19. Nxd5 Nbc6 $44)
17... Na6 {[%cal Ga6b4] '->!' McShane.} 18. a3 $6 {'!?' McShane. I don't like
this move so much. Now Black has an object of attack on the queen side.} ({
Probably White should've preffered computer's} 18. Bb1 b5 19. Qc2) (18. exd5 $2
{McShane} Bxd3 19. Rxd3 Nb4 $1 $17) (18. Bxd6 {McShane} Qxd6 19. Bxa6 Rxa6 20.
Qa3 $5 Qc7 $1) 18... b5 {[%cal Gb5b4,Ga5a4]} 19. exd5 ({Probably White should
move the knight away from b4.} 19. Ne2 a4 (19... b4 20. a4) 20. Qc2 b4 {
[%csl Ra3,Rc1]} 21. e5 Bxd3 22. Rxd3 $13) 19... b4 $2 {Black misses his chance
to seize the initiative.} ({After the correct} 19... a4 $1 20. Qa2 (20. Qc2 {
McShane} b4 $1 $40 {In this line I think I am probably worse, though of course
there are still excellent fighting chances.}) 20... b4 {[%csl Ra2,Rc1] Black
has a dangerous attack.} 21. Nxa4 (21. Bxd6 Qxd6 22. Ne4 (22. Nxa4 Bxd3 23.
Rxd3 Nxd5 {[%csl Ra2,Ra4,Rc1]}) 22... Bxe4 $1 23. fxe4 cxd5 {with attack.})
21... Bxd3 (21... cxd5 $5) 22. Rxd3 Nxd5 23. Bxd6 Qxd6 {[%csl Rc1][%cal Gf8e8]
with a clear advantage for Black.}) 20. Bxd6 (20. Ne4 $5 {McShane}) 20... Qxd6
21. Ne4 $1 Bxe4 ({Dubious is} 21... Qxd5 $6 22. Qxd5 Nxd5 (22... cxd5 {McShane}
23. Nf6+ $1 gxf6 24. Rxe7 {[%csl Ra6][%cal Yc1d2,Yd2e3]}) 23. Kd2 $1 {[%csl
Rc6][%cal Gd1c1]} (23. a4 $14 {[%csl Ge4][%cal Yd3c4] McShane})) 22. fxe4 a4 {
'!' McShane.} ({I think Black had to agree with closing of the queen side after
} 22... cxd5 23. a4 Nc7 (23... Rac8+ $5 24. Kb1 Nc7 {with approximate equality.
})) (22... bxa3 {McShane} 23. e5 axb2+ 24. Kb1 Qxd5 25. Bc4 $40) 23. e5 $1 {
Nice counterblow which, perhaps, was missed by Jansa.} axb3 {'?' McShane.} ({
Black had to try to look for initiative with the Queens.} 23... Qb8 24. Qxa4
bxa3 25. Qxa3 (25. bxa3 {McShane}) 25... Nb4 26. Qb3 Nexd5 27. Bb1) (23... Qd8)
(23... Qd7 {(McShane) was another interesting variation:} 24. dxc6 $1 Qxc6+ (
24... Qc8 {McShane} 25. Qc4 $1 Qxh3 26. d5 $44) (24... Qxh3 $4 {McShane} 25.
Bh7+ $18) 25. Qc2 $13 Qf3 26. Ng1 $1) 24. exd6 {Whites gets an advantage.} Nxd5
25. a4 $5 {[%csl Ra6] Finally the queen side is closed and it turns out that
the a6-knight is out of play.} (25. Bc4 $5 {[%csl Rb3]} Rfd8 $140 26. g6 $1)
25... g6 {McShane: 'Shutting out g5-g6, but now I have a route into f6, and
the knight is strong on e4 anyway.'} ({or} 25... Nb8 26. Bc4 Rxa4 27. Bxb3 $14)
(25... Rfd8 {McShane} 26. g6 $1 fxg6 27. Ng5 $16 Rxd6 28. Bxa6 Rxa6 29. Re8#)
26. Nf2 {[%cal Gf2e4]} ({It was possible to start with} 26. Bc4 {in order to
meet} Nb8 {[%csl Ra4] with} 27. Bxb3 {[%csl Ga4]}) 26... Nb8 27. Bc4 Rxa4 28.
Bxb3 $16 {[%csl Rc6,Gd6][%cal Gf2e4,Gc1d2] White is clearly better. The knight
is coming to e4; The c6-pawn is weak and the d6-pawn is very strong.} Ra5 (
28... Ra1+ {McShane} 29. Kd2 Rxd1+ 30. Rxd1 $16 {[%cal Yd1a1,Yf2e4,Yf2d3]}) 29.
Kd2 {'+/-' McShane.} (29. Ne4 {[%cal Gc1d2] preventing f6 was, probably, more
accurate.}) 29... Nd7 (29... f6 $5) 30. Ra1 (30. Rc1 $5 {[%csl Rc6]} Ra6 31.
Nd3 $1 {[%cal Gd3e5]}) 30... Rxa1 31. Rxa1 f6 32. Ne4 $5 ({Also} 32. Nd3 $1 {
[%csl Rb4] looks very strong}) 32... fxg5 33. Nxg5 {[%cal Ga1a7]} Rf6 34. Ra8+
(34. Ra7 $5 {McShane} Rxd6 35. Ne4 Re6 36. Rxd7 Rxe4 37. Rxd5 $1 $18) 34... Kg7
(34... Rf8 {McShane} 35. Ra7 N7f6 36. Rc7 $18 {[%cal Yc7c6,Yd6d7,Yc7c8]}) 35.
Ra7 Rxd6 36. Ne4 $18 {time} 1-0

[Event "Pamplona"]
[Site "Pamplona"]
[Date "2003.12.28"]
[Round "7"]
[White "McShane, Luke J"]
[Black "Sutovsky, Emil"]
[Result "1-0"]
[WhiteElo "2649"]
[BlackElo "2646"]
[Annotator "Finkel,A"]
[PlyCount "66"]
[EventDate "2003.12.20"]
[EventType "tourn"]
[EventRounds "7"]
[EventCountry "ESP"]
[EventCategory "15"]
[SourceTitle "CBM 099"]
[Source "ChessBase"]
[SourceDate "2004.03.30"]
[SourceVersion "1"]
[SourceVersionDate "2004.03.30"]
[SourceQuality "1"]

1. d4 Nf6 2. Bg5 Ne4 3. Bf4 d5 4. e3 c5 5. Bd3 Nf6 6. dxc5 Nc6 (6... Qa5+ 7.
Nc3 (7. c3 Qxc5 8. Na3 Nc6 9. Nf3 Bg4 10. Qa4 Bxf3 11. gxf3 Rc8 $11 {Neiman,
E-Haimovich,T/Tel Aviv 2002}) 7... e6 8. a3 Qxc5 9. Nb5 Na6 10. b4 Qb6 11. Nf3
Bd7 12. Qe2 $14 {Summerscale,A-Hermansson,E/Oxford 1998}) 7. Bb5 $5 {[%csl Rc5]
Very logical move. White doesn't want to give back the pawn so easily.} (7. Nf3
Bg4 8. Be2 Qa5+ 9. Nbd2 e6 10. a3 Qxc5 11. O-O Be7 12. Rc1 Qb6 13. b4 a5 $11 {
Rey,G-Smirin,I/San Francisco 1999}) 7... e6 8. Bxc6+ (8. b4 Bd7 9. c3 a5 10.
Qb3 (10. a4 axb4 11. Bxc6 Bxc6 12. cxb4 b6 13. Nd2 bxc5 14. b5 Bb7 15. Ngf3 c4
16. O-O Bb4 17. Qc2 $14 {Gustafsson,J-Avrukh,B/Plovdiv 2003}) 10... axb4 11.
cxb4 Ne4 12. Nc3 Qf6 13. Nge2 Nxf2 14. O-O Ng4 15. h3 Nge5 16. Na4 $16 {
Winants,L-Carlsen,M/Rethymnon 2003}) 8... bxc6 9. b4 a5 ({Maybe, more accurate
was} 9... Ne4 {[%cal Ge6e5,Ge7g5]} 10. f3 (10. Nf3 f6 11. O-O e5 12. Bg3 (12.
Nxe5 fxe5 13. Qh5+ Ke7 14. Qxe5+ Kf7 $17) 12... a5 13. c3 Bg4 $36) 10... e5 11.
Bxe5 Qg5 12. fxe4 Qxe5 13. Qd4 Qxe4 14. Qxe4+ dxe4 15. Ne2 $14 {but it seems
that white manages to get an opening advantage in any case.}) 10. c3 Ne4 (10...
Ba6) 11. f3 Nxc3 $2 {I can understand Emil who wasn't very happy about the
position arising after} (11... e5 12. Bxe5 Qg5 13. fxe4 Qxg2 (13... Qxe5 14.
Qd4 $14) 14. Qf3 Qb2 15. Ne2 Qxa1 16. O-O $36 {[%csl Ra1,Re8,Rf7] and white
has a very dangerous attack, but giving up a piece and getting nothing in
return can't be a serious alternative!}) 12. Nxc3 axb4 13. Na4 Ba6 14. Nb6 $18
{White is just a piece up. All black got in compensation is a pawn and an
awfull lot of optimism. Unfortunately it's not sufficient compensation, so the
outcome of the game is actually predecided.} Ra7 15. Qd4 f6 16. Qxb4 e5 17. Bg3
Bb5 18. Kf2 Ra6 (18... Qxb6 19. cxb6 Bxb4 20. bxa7 $18) 19. Qc3 {Of course
white is ware of black's "threat"to take on b6!} d4 (19... Qe7 20. a4 Qxc5 21.
Qxc5 Bxc5 22. Rc1 Bxb6 23. axb5 Ra3 24. Rxc6 Bxe3+ 25. Ke2 $18) 20. exd4 exd4
21. Re1+ Kf7 22. Qb3+ Kg6 23. a4 d3 24. axb5 Bxc5+ 25. Kf1 Ra3 (25... Rxb6 26.
Nh3 Rxb5 27. Nf4+ Kh6 28. Qxd3 $18) 26. Qc4 d2 27. Rd1 Re8 28. Qc2+ Kf7 29. Nc4
Rd3 30. Nd6+ Bxd6 31. Qxd3 Bxg3 32. Qc4+ (32. Qxd8 $4 Re1+ 33. Rxe1 dxe1=R#)
32... Re6 33. hxg3 cxb5 1-0

[Event "World Blitz 2018"]
[Site "St Petersburg RUS"]
[Date "2018.12.29"]
[Round "11.67"]
[White "Mchedlishvili, M."]
[Black "Vishnu, P."]
[Result "1-0"]
[WhiteElo "2610"]
[BlackElo "2518"]
[PlyCount "99"]
[EventDate "2018.12.29"]
[EventType "swiss (blitz)"]
[EventRounds "21"]
[EventCountry "RUS"]
[SourceTitle "The Week in Chess 1260"]
[Source "Mark Crowther"]
[SourceDate "2018.12.31"]
[SourceVersion "2"]
[SourceVersionDate "2019.08.03"]
[SourceQuality "2"]

1. d4 Nf6 2. Bg5 g6 3. Bxf6 exf6 4. c4 d5 5. e3 dxc4 6. Bxc4 Bd6 7. Nc3 O-O 8.
Nge2 Nd7 9. h4 f5 10. h5 Nf6 11. Qc2 Nxh5 12. Rxh5 gxh5 13. O-O-O c6 14. Rh1
Qg5 15. g3 Be6 16. Bd3 Kh8 17. Rh4 Rg8 18. Qd1 Qf6 19. Rxh5 Rg5 20. Rh4 Rag8
21. Qh1 R8g7 22. Ng1 Rg4 23. Rh5 c5 24. d5 Bd7 25. Nf3 c4 26. Bc2 Ba3 27. Kb1
Qb6 28. Qc1 Bb4 29. Qd2 Qf6 30. Nd4 R4g5 31. Rh1 Bc5 32. Nde2 b5 33. Nf4 b4 34.
Nce2 c3 35. Qd3 Qb6 36. b3 Bb5 37. Qd1 Bd7 38. Nh5 R7g6 39. Nhf4 Rf6 40. Rh4
Rh6 41. Qh1 Rxh4 42. Qxh4 Be7 43. Nd3 Qd6 44. Qd4+ Kg8 45. Nef4 a5 46. Qa7 Qh6
47. Qxd7 Qh1+ 48. Nc1 Bf6 49. Qc8+ Kg7 50. d6 1-0

[Event "Balatonlelle op 26th"]
[Site "Balatonlelle"]
[Date "2008.06.19"]
[Round "4.1"]
[White "Meijers, Viesturs"]
[Black "Horvath, Adam"]
[Result "1-0"]
[WhiteElo "2510"]
[BlackElo "2524"]
[PlyCount "135"]
[EventDate "2008.06.14"]
[EventType "swiss"]
[EventRounds "9"]
[EventCountry "HUN"]
[SourceTitle "CBM 125 Extra"]
[Source "ChessBase"]
[SourceDate "2008.09.01"]
[SourceVersion "1"]
[SourceVersionDate "2008.09.01"]
[SourceQuality "1"]

1. d4 Nf6 2. Bg5 e6 3. e4 h6 4. Bxf6 Qxf6 5. Nf3 d6 6. Nc3 Nd7 7. Qd2 c6 8.
O-O-O e5 9. Kb1 g6 10. Be2 Bg7 11. h4 O-O 12. d5 c5 13. Nh2 Qe7 14. h5 Nf6 15.
hxg6 fxg6 16. Qe3 a6 17. Qg3 g5 18. Rdf1 Qd7 19. f3 b5 20. Nd1 c4 21. Ne3 Qa7
22. Nhg4 Bxg4 23. Nxg4 Nxg4 24. Qxg4 Rf6 25. Qg3 Qc7 26. Qe1 a5 27. Qd2 Qc5 28.
c3 Rb8 29. Rc1 Rf7 30. Rc2 Rfb7 31. Rhc1 Rc7 32. Bf1 Qa7 33. Qf2 Rc5 34. g3 Qd7
35. Qh2 g4 36. fxg4 Qxg4 37. Re2 b4 38. Ka1 Qg5 39. Kb1 Qg4 40. Bh3 Qf3 41. Ka1
Rf8 42. Qg2 Qd3 43. Ree1 bxc3 44. Rxc3 Qd4 45. Be6+ Kh8 46. Bf5 Rb5 47. Rec1
Rfb8 48. Qe2 Bf8 49. a3 a4 50. Rxc4 Rxb2 51. Rxd4 Rxe2 52. Rxa4 Re3 53. g4 Kg7
54. Rb1 Rxb1+ 55. Kxb1 Be7 56. Ra7 Kf6 57. Ka2 Rd3 58. a4 Rc3 59. a5 Bd8 60.
Kb2 Rc5 61. a6 Rb5+ 62. Kc2 Rb6 63. Rd7 Be7 64. a7 Ra6 65. Kb3 Kf7 66. Kc4 Ke8
67. Kb5 Ra1 68. Kc6 1-0

[Event "Speed Chess Super Swiss"]
[Site "chess.com INT"]
[Date "2020.10.03"]
[Round "14"]
[White "Mikhalevski, V."]
[Black "Keymer, Vincent"]
[Result "1-0"]
[WhiteElo "2560"]
[BlackElo "2588"]
[PlyCount "111"]
[EventDate "2020.10.03"]
[EventType "swiss (blitz)"]
[EventRounds "15"]
[SourceTitle "The Week in Chess 1352"]
[Source "Mark Crowther"]
[SourceDate "2020.10.05"]
[SourceVersion "1"]
[SourceVersionDate "2020.10.05"]
[SourceQuality "2"]

1. d4 Nf6 2. Bg5 d5 3. Nd2 c5 4. e3 cxd4 5. exd4 Qb6 6. Nb3 Nc6 7. Nf3 Ne4 8.
Bf4 Bf5 9. c3 e6 10. Bd3 Be7 11. O-O O-O 12. h3 h6 13. Rb1 Rac8 14. Qe2 Na5 15.
Nxa5 Qxa5 16. a3 Rfd8 17. Rfe1 a6 18. Ne5 Bf6 19. f3 Nd6 20. g4 Bxd3 21. Qxd3
Nc4 22. Kg2 b5 23. Kg3 Qb6 24. h4 g5 25. hxg5 hxg5 26. Be3 Kg7 27. Rh1 Rh8 28.
Nxc4 bxc4 29. Qd2 Qc7+ 30. Kg2 Qe7 31. f4 gxf4 32. Bxf4 Kg6 33. Rbf1 Rxh1 34.
Rxh1 Rh8 35. Rf1 Rh4 36. Qc2+ Kg7 37. Kg3 Rh8 38. Qd2 Bh4+ 39. Kg2 f6 40. Qe3
Qf7 41. Rh1 Qg6 42. Qxe6 Qc2+ 43. Kf3 Qd3+ 44. Qe3 Qxe3+ 45. Bxe3 Bg5 46. Rxh8
Kxh8 47. Bxg5 fxg5 48. Ke2 a5 49. a4 Kg7 50. Kd2 Kf6 51. Kc2 Ke6 52. b3 Ke7 53.
bxc4 dxc4 54. Kd2 Ke6 55. Ke3 Kd5 56. Kf3 1-0

[Event "Elenite"]
[Site "Elenite"]
[Date "1995.??.??"]
[Round "8"]
[White "Miladinovic, Igor"]
[Black "Alterman, Boris"]
[Result "1-0"]
[WhiteElo "2555"]
[BlackElo "2595"]
[Annotator "Dolmatov,S"]
[PlyCount "115"]
[EventDate "1995.09.??"]
[EventType "tourn"]
[EventRounds "9"]
[EventCountry "BUL"]
[EventCategory "15"]
[SourceTitle "CBM 050"]
[Source "ChessBase"]
[SourceDate "1996.02.01"]
[SourceVersion "1"]
[SourceVersionDate "1996.02.01"]
[SourceQuality "1"]

1. d4 Nf6 2. Bg5 Ne4 3. h4 d5 4. Nd2 Bf5 5. Nxe4 Bxe4 6. f3 h6 7. fxe4 hxg5 8.
Nf3 (8. Qd3 e6 9. Qb5+ (9. Nf3 g4 10. Ne5 Nd7 11. Nxd7 Qxd7 $10) 9... Nc6 10.
Qxb7 Nb4 11. Qb5+ Qd7 12. Qb7 Qc8 $40 {Hodgson,Ju-Salov,V/Wijk aan Zee/1993/
Inf 56/65/}) 8... gxh4 (8... g4 9. Ne5 (9. Ng5 $6 e6 10. e3 Be7) 9... dxe4 10.
e3 Nd7 11. Qxg4 $14) 9. Qd3 c6 10. g3 (10. exd5 $2 cxd5 $15) (10. O-O-O e6 11.
g3 h3 12. Bxh3 $14) 10... e6 (10... g6 $5 11. gxh4 Bg7 12. O-O-O dxe4 13. Qxe4
Qd5 $10) 11. gxh4 Qa5+ 12. c3 dxe4 (12... Be7 13. Bg2 Nd7 14. e5 $10) 13. Qxe4
Nd7 (13... Bd6 $6 14. Rg1 g6) 14. Qf4 Be7 15. Bg2 Bf6 (15... Rh5 $5 16. e4 (16.
Ng5 $2 Bxg5 17. hxg5 Qxg5 18. Qxg5 Rxg5 19. Rh8+ Nf8 $17) 16... e5 $132) 16.
Ng5 Qf5 (16... e5 $6 17. Qe3) (16... Bxg5 17. hxg5 Rxh1+ 18. Bxh1 f6 $10) 17.
Qxf5 exf5 18. Kf2 $14 Kf8 19. a4 a5 20. Ra3 $5 (20. e4 $6 fxe4 21. Nxe4 Bxh4+
22. Kf3 Rh6) (20. Kg3 Re8 21. e4 Bxg5 22. hxg5 Rxh1 23. Rxh1 fxe4 24. Rh8+ Ke7
25. Rxe8+ Kxe8 26. Bxe4 $14) 20... Rc8 21. Rb3 b6 22. e4 (22. Kg3 $5 c5 23. e3
$40) 22... fxe4 23. Bxe4 g6 24. Bg2 Kg7 25. Nf3 (25. Bh3 $6 Rxh4 26. Bxd7 Bxg5
27. Bxc8 Rxh1 28. Rxb6 $10) 25... c5 (25... Bd8 $5 26. Bh3 f5 $10) 26. Bh3 Rcd8
(26... Rhd8 $5 27. Rd1 (27. dxc5 Nxc5 28. Rxb6 Rb8 29. Rxb8 Rxb8 $40) 27...
cxd4 28. cxd4 Rc6 $10) 27. Kg2 (27. Bxd7 $2 Rxd7 28. Rxb6 cxd4 29. cxd4 Bxd4+
30. Nxd4 Rxd4 $15) 27... cxd4 28. cxd4 Rhe8 (28... Bxh4 29. Bxd7 Rxd7 30. Rxh4
Rxh4 31. Nxh4 Rxd4 32. Nf3 Rxa4 33. Rxb6 $14) 29. Rf1 Re4 30. Rb5 Be7 $2 (30...
Bxh4 31. Nxh4 Rxh4 32. Rd5 f5 33. Rc1 $44) (30... Nf8 31. Rxb6 Bxh4 32. Nxh4
Rxh4 33. Rb7 Rhxd4 $10) 31. Bxd7 Re2+ (31... Rxd7 32. Ne5 Rdxd4 33. Rxf7+ Kh6
34. Rxe7) 32. Rf2 (32. Kh3 $5 Rxd7 33. Ne5 Rxd4 34. Rxf7+ Kg8 35. Rxe7 Rde4 36.
Rxb6 (36. Rb3 Rxe5 37. Rxe5 Rxe5 38. Rxb6 Kg7 $14) 36... R2e3+ 37. Kg2 Re2+ $10
) (32. Kg1 $2 Rxd7 33. Ne5 Rxd4 $17) 32... Rxf2+ 33. Kxf2 Rxd7 34. Rxb6 Rc7 35.
Ke3 Rc4 36. Rb7 Kf8 37. b3 Rc3+ 38. Ke4 f6 39. Nd2 Rh3 (39... Bb4 40. Kd5 Rh3
$10) 40. Kd5 Rxh4 41. Nc4 g5 $2 (41... Bb4 42. Nb6 g5 $10) 42. Nxa5 (42. Ke6 $6
Re4+) 42... g4 43. Nc4 g3 44. Ne3 Rh2 45. a5 Ra2 (45... Rh5+ 46. Ke6 Rxa5 47.
Rb8+ (47. Rxe7 $2 Ra6+) 47... Kg7 48. Kxe7 $18) 46. b4 f5 47. Rxe7 g2 (47...
Kxe7 48. Nxf5+ Kd7 49. Nxg3 Rb2 50. Kc4 $16) 48. Nxg2 Kxe7 49. Nh4 Rf2 (49...
f4 50. Ng6+ $16) (49... Ra4 $5 50. Nxf5+ (50. Kc4 Kf6) 50... Kf6 51. Nd6 Rxb4)
50. Kc6 Rc2+ (50... f4 51. a6 $18) 51. Kb6 Kd7 52. b5 Kc8 53. Nxf5 $18 Rc7 54.
a6 Kb8 55. d5 Rb7+ 56. Ka5 Rf7 57. Nd4 Ka8 58. b6 1-0

[Event "BIH-chT"]
[Site "Banja Vrucica"]
[Date "2009.06.06"]
[Round "1"]
[White "Miladinovic, Igor"]
[Black "Ilincic, Zlatko"]
[Result "1-0"]
[WhiteElo "2571"]
[BlackElo "2545"]
[PlyCount "56"]
[EventDate "2009.06.06"]
[EventType "team-tourn"]
[EventRounds "9"]
[EventCountry "BIH"]
[SourceTitle "CBM 131 Extra"]
[Source "ChessBase"]
[SourceDate "2009.09.03"]
[SourceVersion "2"]
[SourceVersionDate "2009.09.16"]
[SourceQuality "1"]

1. d4 Nf6 2. Bg5 Ne4 3. Bf4 d5 4. Nd2 Bf5 5. e3 Nxd2 6. Qxd2 e6 7. f3 h6 8. Ne2
Bd6 9. g4 Bh7 10. h4 Nc6 11. a3 e5 12. dxe5 Nxe5 13. O-O-O Qe7 14. Qxd5 O-O-O
15. Nd4 c5 16. Nb5 Bc7 17. Nxc7 Rxd5 18. Nxd5 Qe8 19. e4 Nxf3 20. g5 b5 21.
gxh6 g5 22. Nf6 Qc6 23. Rd6 Qc7 24. hxg5 Nxg5 25. Bxb5 Nxe4 26. Rc6 Qxc6 27.
Bxc6 Nxf6 28. Be5 Re8 1-0

[Event "SRB-chT"]
[Site "Subotica"]
[Date "2008.09.08"]
[Round "7"]
[White "Miladinovic, Igor"]
[Black "Iordachescu, Viorel"]
[Result "1-0"]
[WhiteElo "2571"]
[BlackElo "2579"]
[PlyCount "113"]
[EventDate "2008.09.01"]
[EventType "team"]
[EventRounds "11"]
[EventCountry "YUG"]
[SourceTitle "CBM 126 Extra"]
[Source "ChessBase"]
[SourceDate "2008.11.05"]
[SourceVersion "1"]
[SourceVersionDate "2008.11.05"]
[SourceQuality "1"]

1. d4 Nf6 2. Bg5 e6 3. e3 c5 4. c3 cxd4 5. exd4 Be7 6. Nf3 b6 7. Bxf6 Bxf6 8.
Nbd2 Bb7 9. Bd3 d6 10. Qe2 Nd7 11. h4 a6 12. a4 Be7 13. Ne4 Qc7 14. Kf1 h6 15.
Re1 Kf8 16. Kg1 Bc6 17. Rh3 Qb7 18. c4 Nf6 19. Nc3 Bd7 20. Nd2 Rc8 21. Re3 g6
22. a5 Kg7 23. Rg3 h5 24. Nf3 bxa5 25. Ng5 Rh6 26. Qd2 Rf8 27. d5 e5 28. c5 Qb4
29. c6 Bc8 30. Ra1 Ng4 31. Ra4 Qb6 32. Nd1 Bd8 33. Bc2 Qa7 34. Rf3 Bb6 35. g3
Rhh8 36. Kg2 Qe7 37. Rb3 Bc7 38. f3 Nf6 39. Nf2 Ng8 40. Qe3 Nh6 41. Qa7 Nf5 42.
Bd3 Re8 43. Bxa6 Bxa6 44. Qxa6 Rb8 45. Raa3 Nd4 46. Rb7 Nc2 47. Rc3 Nb4 48. Qc4
Rxb7 49. cxb7 Bb8 50. Qb5 Bc7 51. Nd3 Rb8 52. Nxb4 axb4 53. Rc4 e4 54. fxe4 Qf6
55. Qxb4 Ba5 56. Qb5 Bd2 57. Rc8 1-0